| 000 | 01207nam a22001937a 4500 | ||
|---|---|---|---|
| 008 | 241223t2024 gw |||||o|||| 00| 0 ger d | ||
| 041 | _aeng | ||
| 110 | _aRoyal Institution of Chartered Surveyors | ||
| 245 | _aTaxeren Flexwoningen | ||
| 260 |
_aLondon, _bRoyal Institution of Chartered Surveyors, _cDecember 2024 |
||
| 490 | _aRICS Information Paper | ||
| 520 | _aFlexwoningen spelen een cruciale rol in het terugdringen van het woningtekort, maar hoe waardeer je tijdelijke woningen correct? Ons nieuwe Informationpaper biedt taxateurs en betrokken partijen praktische handvatten en richtlijnen voor een uniforme benadering bij de taxatie van Flexwoningen Flex homes play a crucial role in reducing the housing shortage, but how do you value temporary homes correctly? Our new Information Paper offers appraisers and parties involved practical tools and guidelines for a uniform approach to the valuation of Flex Homes. | ||
| 650 | _aWaardering | ||
| 650 | _aWaarderingsgrondslag | ||
| 651 | _aNetherlands | ||
| 710 | _aRoyal Institution of Chartered Surveyors | ||
| 856 |
_uhttps://www.rics.org/news-insights/information-paper-taxeren-flexwoningen _zAvailable free on RICS.org |
||
| 942 | _n0 | ||
| 999 |
_c122074 _d122074 |
||